| 000 | 01213nam a2200229Ia 4500 | ||
|---|---|---|---|
| 003 | Ost | ||
| 005 | 20260507075024.0 | ||
| 008 | 260507s9999||||xx |||||||||||||| ||und|| | ||
| 040 | _cfsecg | ||
| 041 | _aara | ||
| 082 | _a330 | ||
| 100 |
_aإدريس، ثابت عبد الرحمان _eمؤلف |
||
| 245 | 0 |
_aإدارة الأعمال اللوجيستية / _c ثابت عبد الرحمان إدريس |
|
| 250 | _aطبعة 2 | ||
| 260 |
_aالإسكندرية: _bالدار الجامعية, _c2003 |
||
| 300 |
_a275 صفحة؛ _bإيضاحات ؛ _c24 سم |
||
| 520 | _aالأعمال اللوجيستية، المفاهيم الأساسية- التخطيط الإستراتيجي اللوجيستي- خدمة العملاء اللوجيستية- تشغيل أمر الشراء ونظم المعلومات- أهداف وسياسات- وقرارات الشراء والإمداد- اختيار وتقييم الموردين - إدارة المخازن والمخزون- قررات المناولة والتغليف- قررات النقل | ||
| 653 | _aإدارة الأعمال | ||
| 653 | _aالإدارة | ||
| 653 | _aنظم المعلومات- المؤسسة الممتدة | ||
| 942 | _cكتاب | ||
| 999 |
_c42312 _d42312 |
||